000 01019nam a2200241 a 4500
001 52908
003 BD-RjUL
005 20211209075859.0
008 160928s1957 ii ||||| |||| 00| 0 ben d
020 _c: Tk. 6.00
035 _a(BD-RjUL)53028
040 _aBD-RjUL
_bben
_cBD-RjUL
041 _aben
082 _223
_a891.44109
_bBHS 1957
100 _aভট্টাচার্য, জগদীশ
_9147793
245 1 0 _aসনেটের আলোকে মধুসূদন ও রবীন্দ্রনাথ /
_cজগদীশ ভট্টাচার্য
260 _aকলিকাতা :
_bবেঙ্গল পাবলিশার্স,
_c১৯৫৭ (১৩৬৪)
300 _a[১৬], ২৬৪ পৃ. ;
_c২৩ সেমি.
504 _aগ্রন্থপঞ্জি সংযুক্ত
650 _aবাংলা কবিতা
_xইতিহাস ও সমালোচনা
_9158169
650 _aBengali Poetry
_xHistory and Criticism
_9158170
942 _2ddc
_cBK
999 _c52908
_d52908